000 00592nam a2200169 4500
001 4719
005 20181127174000.0
090 0 0 _aPOL.SCI CAP No.10
245 0 0 _aResearch on teenage pregnancy /
_b
_cStudent Work.
_h
260 0 0 _a[Thimphu] :
_b[Royal Thimphu College],
_c2015.
300 _a22 leaves.
_b
_c
_e
500 _aStudent research project for BA, Political Science(Capstone Project):(2015): Dolma Roder, lecturer.
500 0 0 _aSpiral-bound xerographic copy.
650 _aCapstone Project.
_v
_x
_y
_z
_2
650 _aTeenage mothers.
_v
_x
_y
_z
_2
650 _aTeenage pregnancy.
_v
_x
_y
_z
_2
999 _c3921
_d3921